000 01105nam a2200301 a 4500
001 6625
003 BD-RjUL
005 20211208234300.0
008 110114s1954 wb a 001 0 ger d
035 _aCURL 020000147686(Edi) from wsc204
_a(BD-RjUL)6666
040 _aDLC
_cGAT/OCL/EUX
_beng
_dBD-RjUL
041 _aeng
082 0 4 _218
_a517.5
_bMEM 1954
100 1 _aMeixner, Josef,
_d1908-1994
_920828
245 1 0 _aMathieusche Funktionen und Spharoidfunktionen :
_bmit Anwendungen auf physikalische und technische Probleme /
_cvon Josef Meixner und Friedrich Wilhelm Schafke.
260 _aBerlin :
_bSpringer-Verlag,
_c1954.
300 _axii, 414 p. :
_bill. ;
_c24 cm.
490 1 _aGrundlehren der mathematischen Wissenschaften ;
_vbd.71
504 _aBibliography: p.[393]-408.
650 0 _aSpheroidal functions.
_920829
650 0 _aMathieu functions.
_920830
830 0 _vbd.71
_920838
700 1 _aSchäfke, Friedrich Wilhelm,
_d1922-2010
_920832
830 0 _aGrundlehren der mathematischen Wissenschaften ;
_920839
942 _2ddc
_cBK
999 _c6625
_d6625